000 00967nam a2200241 4500
001 72965
003 BD-RjUL
005 20211209082331.0
008 170525r19671945enk b| | 001 0 eng d
035 _a(BD-RjUL)73183
040 _aDLC
_cDLC
_dMYG
_dBD-RjUL
_beng
041 _aeng
082 _223
_a820.9
_bOXF 1967
245 1 4 _aThe Oxford history of English literature /
_cedited by F. P. Wilson and Bonamy Dobree.
260 _aOxford :
_bClarendon Press ,
_cc1945, [Reprinted 1967]
300 _a Vol. ;
_c25 cm.
500 _aIncludes index.
505 _a Vol. 2 ,Pt. 1 Chaucer and the fifteenth century / H. S. Bennett --V. 2, Pt. 2 The Close of the middle ages / E. K. Chambers-- V. 4, Pt.1 The English drama 1485-1585 / F. P. Wilson -- V. 9 English literature 1789-1815 / W. L. Renwick --
650 0 _aEnglish literature
_xHistory and criticism.
_9215802
700 _aWilson, F. P.
_9215803
700 _a Dobree, Bonamy
_9163368
942 _2ddc
_cBK
999 _c72965
_d72965